000 00225nam a22000857a 4500
008 170614b xxu||||| |||| 00| 0 eng d
100 _93420
_aVijaya. S.R
245 _aGeneral Knowledge times - 6
260 _aNew Delhi
_bG. B. P
_c2009
999 _c6787
_d6787